| 000 | 00862nam a22002417a 4500 | ||
|---|---|---|---|
| 008 | 081212t xxu||||| |||| 00| 0beng d | ||
| 010 | _aENG-99850 | ||
| 020 |
_c25.00 _a9788172086756 |
||
| 035 | _aEN-83382 | ||
| 037 | _bDBAD / PUB | ||
| 040 |
_adpl _bEnglish |
||
| 082 | _a230.35 | ||
| 100 |
_93724 _aKamaraju, Anil Kumar |
||
| 245 |
_aSai- the indweller / _cby Anil Kumar Kamaraju |
||
| 260 |
_aPrasanthi Nilayam _bSri Sathya Sai Sadhana Trust Publications _c2009 |
||
| 270 |
_aPrasanthi Nilayam _bPrasanthi Nilayam _e515134 |
||
| 300 |
_a180p. _c22cm (pbk) |
||
| 600 |
_aBaba Visakha Singh _xBiography. _93725 |
||
| 650 | _910381 | ||
| 700 | _910254 | ||
| 942 |
_2ddc _cEN _mKAM _h230.35 |
||
| 999 |
_c41219 _d41219 |
||